MARC details
| 000 -LEADER |
| fixed length control field |
02861nam a2200529 a 4500 |
| 001 - CONTROL NUMBER |
| control field |
77109 |
| 003 - CONTROL NUMBER IDENTIFIER |
| rucl marc code |
BD-RjUL |
| 005 - DATE AND TIME OF LATEST TRANSACTION |
| control field |
20211209082928.0 |
| 008 - FIXED-LENGTH DATA ELEMENTS--GENERAL INFORMATION |
| fixed length control field |
200225s2004 dcuab b f000 0 eng c |
| 020 ## - INTERNATIONAL STANDARD BOOK NUMBER |
| International Standard Book Number |
0160723043 |
| 035 ## - SYSTEM CONTROL NUMBER |
| System control number |
(OCoLC)ocm55990872 |
| 037 ## - SOURCE OF ACQUISITION |
| Stock number |
041-015-00236-8 |
| Source of stock number/acquisition |
GPO |
| 040 ## - CATALOGING SOURCE |
| Original cataloging agency |
GPO |
| Transcribing agency |
GPO |
| Modifying agency |
OCLCQ |
| -- |
YBM |
| -- |
DLC |
| Language of cataloging |
eng |
| 041 ## - LANGUAGE CODE |
| Language code of text/sound track or separate title |
eng |
| 042 ## - AUTHENTICATION CODE |
| Authentication code |
pcc |
| 043 ## - GEOGRAPHIC AREA CODE |
| Geographic area code |
n-us--- |
| 082 00 - DEWEY DECIMAL CLASSIFICATION NUMBER |
| Classification number |
973.931 |
| Edition number |
22 |
| Author mark and year |
NIN 2004 |
| 110 2# - MAIN ENTRY--CORPORATE NAME |
| Corporate name or jurisdiction name as entry element |
National Commission on Terrorist Attacks upon the United States. |
| 9 (RLIN) |
239776 |
| 245 14 - TITLE STATEMENT |
| Title |
The 9/11 Commission report : |
| Remainder of title |
final report of the National Commission on Terrorist Attacks upon the United States / |
| Statement of responsibility, etc. |
[Thomas H. Kean, chair, Lee H. Hamilton, vice chair]. |
| 246 3# - VARYING FORM OF TITLE |
| Title proper/short title |
Nine/Eleven Commission report |
|
| Title proper/short title |
Final report of the National Commission on Terrorist Attacks upon the United States |
| 250 ## - EDITION STATEMENT |
| Edition statement |
Official government ed. |
| 260 ## - PUBLICATION, DISTRIBUTION, ETC. (IMPRINT) |
| Place of publication, distribution, etc. |
Washington, DC : |
| Name of publisher, distributor, etc. |
National Commission on Terrorist Attacks upon the United States : |
| -- |
For sale by the Supt. of Docs., U.S. G.P.O., |
| Date of publication, distribution, etc. |
[2004] |
| 300 ## - PHYSICAL DESCRIPTION |
| Pagination |
xviii, 567 p. : |
| Illustrations |
ill., maps ; |
| Size |
24 cm. |
| 500 ## - GENERAL NOTE |
| General note |
Shipping list no.: 2004-0223-P. |
| 504 ## - BIBLIOGRAPHY, ETC. NOTE |
| Bibliography, etc |
Includes bibliographical references (p. 449-567). |
| 505 0# - FORMATTED CONTENTS NOTE |
| Formatted contents note |
"We have some planes" -- The foundation of the new terrorism -- Counterterrorism evolves -- Responses to Al Qaeda's initial assaults -- Al Qaeda aims at the American homeland -- From threat to threat -- The attack looms -- "The system was blinking red" -- Heroism and horror -- Wartime -- Foresight--and hindsight -- What to do? A global strategy -- How to do it? A different way of organizing the government. |
| 610 20 - SUBJECT ADDED ENTRY--CORPORATE NAME |
| Corporate name or jurisdiction name as entry element |
Qaida (Organization) |
| 650 #0 - SUBJECT ADDED ENTRY--TOPICAL TERM |
| Topical term or geographic name as entry element |
September 11 Terrorist Attacks, 2001. |
| 9 (RLIN) |
239778 |
|
| Topical term or geographic name as entry element |
Terrorism |
| General subdivision |
Government policy |
| Geographic subdivision |
United States. |
| 9 (RLIN) |
239779 |
|
| Topical term or geographic name as entry element |
Terrorism |
| Geographic subdivision |
United States |
| General subdivision |
Prevention. |
| 9 (RLIN) |
239780 |
|
| Topical term or geographic name as entry element |
Intelligence service |
| Geographic subdivision |
United States |
| General subdivision |
Evaluation. |
| 9 (RLIN) |
239781 |
|
| Topical term or geographic name as entry element |
National security |
| Geographic subdivision |
United States. |
| 9 (RLIN) |
239782 |
|
| Topical term or geographic name as entry element |
War on Terrorism, 2001-2009. |
| 9 (RLIN) |
239783 |
| 700 1# - ADDED ENTRY--PERSONAL NAME |
| Personal name |
Kean, Thomas H. |
|
| Personal name |
Hamilton, Lee. |
| 856 41 - ELECTRONIC LOCATION AND ACCESS |
| Uniform Resource Identifier |
<a href="http://purl.access.gpo.gov/GPO/LPS51934">http://purl.access.gpo.gov/GPO/LPS51934</a> |
|
| Materials specified |
Contributor biographical information |
| Uniform Resource Identifier |
<a href="http://www.loc.gov/catdir/enhancements/fy0621/2004356401-b.html">http://www.loc.gov/catdir/enhancements/fy0621/2004356401-b.html</a> |
|
| Materials specified |
Publisher description |
| Uniform Resource Identifier |
<a href="http://www.loc.gov/catdir/enhancements/fy0621/2004356401-d.html">http://www.loc.gov/catdir/enhancements/fy0621/2004356401-d.html</a> |
|
| Materials specified |
Table of contents only |
| Uniform Resource Identifier |
<a href="http://www.loc.gov/catdir/enhancements/fy0621/2004356401-t.html">http://www.loc.gov/catdir/enhancements/fy0621/2004356401-t.html</a> |
| 942 ## - ADDED ENTRY ELEMENTS (KOHA) |
| Source of classification or shelving scheme |
Dewey Decimal Classification |
| Koha item type |
Books |